000 00301nam a22001217a 4500
008 240921b |||||||| |||| 00| 0 eng d
020 _a978-81-318-0640-1
100 _aR K Garg & A Dixit
245 _aBasic Electronics
260 _aDelhi
_bUniversity Press
_c2009
300 _a469
942 _2ddc
_cBK
999 _c20887
_d20887